<?xml version="1.0" encoding="UTF-8"?>
<record
    xmlns:xsi="http://www.w3.org/2001/XMLSchema-instance"
    xsi:schemaLocation="http://www.loc.gov/MARC21/slim http://www.loc.gov/standards/marcxml/schema/MARC21slim.xsd"
    xmlns="http://www.loc.gov/MARC21/slim">

  <leader>00686nam a22001817a 4500</leader>
  <datafield tag="999" ind1=" " ind2=" ">
    <subfield code="c">7562</subfield>
    <subfield code="d">7562</subfield>
  </datafield>
  <controlfield tag="008">211220b           ||||| |||| 00| 0 eng d</controlfield>
  <datafield tag="040" ind1=" " ind2=" ">
    <subfield code="a">CDMR</subfield>
  </datafield>
  <datafield tag="245" ind1=" " ind2=" ">
    <subfield code="a">Mediapart www.mediapart.fr</subfield>
    <subfield code="b">: Premi "Jaime Arias a l'excel&#xE8;ncia period&#xED;stica" : 1a edici&#xF3;, 2014</subfield>
    <subfield code="c">/ [coordinaci&#xF3; a c&#xE0;rrec de Teresa Carreras i Esther Molas]</subfield>
  </datafield>
  <datafield tag="260" ind1=" " ind2=" ">
    <subfield code="a">Barcelona: </subfield>
    <subfield code="b">APEC, La Vanguardia</subfield>
    <subfield code="c">2014</subfield>
  </datafield>
  <datafield tag="300" ind1=" " ind2=" ">
    <subfield code="a">53 p&#xE0;gines; </subfield>
    <subfield code="c">20 x 20 cm</subfield>
  </datafield>
  <datafield tag="600" ind1="1" ind2="0">
    <subfield code="9">2964</subfield>
    <subfield code="a">Arias, Jaime</subfield>
  </datafield>
  <datafield tag="610" ind1=" " ind2="0">
    <subfield code="9">4766</subfield>
    <subfield code="a">Mediapart</subfield>
  </datafield>
  <datafield tag="700" ind1=" " ind2=" ">
    <subfield code="9">4767</subfield>
    <subfield code="a">Carreras, Teresa</subfield>
  </datafield>
  <datafield tag="700" ind1=" " ind2=" ">
    <subfield code="9">4768</subfield>
    <subfield code="a">Molas, Esther</subfield>
  </datafield>
  <datafield tag="710" ind1="2" ind2=" ">
    <subfield code="9">2067</subfield>
    <subfield code="a">Associaci&#xF3; de Periodistes Europeus de Catalunya</subfield>
  </datafield>
  <datafield tag="710" ind1="2" ind2=" ">
    <subfield code="9">1150</subfield>
    <subfield code="a">La Vanguardia (Diari)</subfield>
  </datafield>
  <datafield tag="942" ind1=" " ind2=" ">
    <subfield code="2">udc</subfield>
    <subfield code="c">FULLET</subfield>
  </datafield>
  <datafield tag="952" ind1=" " ind2=" ">
    <subfield code="0">0</subfield>
    <subfield code="1">0</subfield>
    <subfield code="2">udc</subfield>
    <subfield code="4">0</subfield>
    <subfield code="7">0</subfield>
    <subfield code="a">CDMR</subfield>
    <subfield code="b">CDMR</subfield>
    <subfield code="d">2021-12-20</subfield>
    <subfield code="e">Donaci&#xF3;</subfield>
    <subfield code="l">0</subfield>
    <subfield code="o">Bi /2</subfield>
    <subfield code="p">CDMR21120098</subfield>
    <subfield code="r">2021-12-20</subfield>
    <subfield code="w">2021-12-20</subfield>
    <subfield code="y">FULLET</subfield>
  </datafield>
</record>
